000 00440nam a2200133 4500
008 161105b xxu||||| |||| 00| 0 eng d
020 _a1904994024
082 _22005
_aDRef 030
_bG94
245 _aGuinness world records 2006.
260 _a[Place of publication not identified]:
_bGuinness World Records Limited,
_cc2005.
300 _a288 pages:
_bcolor illustrations;
_c30 cm.
650 0 _916964
_aCuriosities and wonders
942 _2ddc
_cDREF
999 _c5501
_d5501